书目信息 |
| 书名: | Power in the helping professions | |
| 作者: | Adolf Guggenbu?hl-Craig. | |
| 分册号: | ||
| 分册名: | 出版地: | Dallas, Tex. : |
|
| 出版社: | Spring Publications | |
| 出版时间: | c1971 | |
| 页数: | iii, 155 p. ; | |
| 开本: | 21 cm. | |
| 丛书名: | ||
| 中图分类号: | ||
| 科图分类号: | ||
| 其他分类号: | R-052 | |
| 主题词: | ||
| 电子资源: | ||
| 000 | 00998cam a2200301 a 450 | |
| 001 | E0756555814 | |
| 005 | 20070710154910.30 | |
| 008 | 860718s1971 txu 000 0 eng | |
| 010 | @a86017901 | |
| 020 | @a0882143042 (pbk.). | |
| 035 | @A(DLC) 86017901 | |
| 040 | @aDLC@cDLC@dDLC | |
| 041 | 1 | @aengger |
| 050 | 00 | @aRC480.8@b.G8313 1986 |
| 082 | 00 | @a616.89/14@2 19 |
| 090 | @aR-052 | |
| 099 | @dR-052@ex81 | |
| 100 | 2 | @aGuggenbu?hl-Craig, Adolf. |
| 240 | 10 | @aMacht als Gefahr beim Helfer.@lEnglish |
| 245 | 10 | @aPower in the helping professions / @cAdolf Guggenbu?hl-Craig. |
| 260 | @aDallas, Tex. :@bSpring Publications,@cc1971@g(1986 printing). | |
| 300 | @aiii, 155 p. ;@c21 cm. | |
| 500 | @aTranslation of: Macht als Gefahr beim Helfer. | |
| 650 | 0 | @aPower (Social sciences) |
| 650 | 0 | @aPsychotherapy. |
| 650 | 0 | @aPsychotherapist and patient. |
| 906 | @a7@bcbc@corignew@d1@eocip@f19@gy-gencatlg | |
| 991 | @bc-GenColl@hRC480.8@i.G8313 1986@p00008740057@tCopy 1@wBOOKS | |
| Power in the helping professions / / Adolf Guggenbu?hl-Craig.-Dallas, Tex. : : Spring Publications, , c1971f ((1986 printing).). |
| iii, 155 p. ; ; 21 cm. |
| Translation of: Macht als Gefahr beim Helfer. |
| ISBN 0882143042 (pbk.). |
| ● |
| 相关链接 |
|
|
|
|
正题名:Power in the helping professions
索取号:R-052/x81
 
预约/预借
| 序号 | 登录号 | 条形码 | 馆藏地/架位号 | 状态 | 备注 |
| 1 | 0011679 | 300116791 | 第二样本阅览室/ [索取号:R-052/x81] | 在馆 |